00809nam a22002297a 450000500170000001000130001702000090003003500130003903700160005204000120006808200210008010000520010124500800015324600560023326000990028927000710038830000190045965000260047865000320050465000230053665000200055920170123162356.0 aA-842584 c9.00 aA-842584 bCen Lib/Ret aDPLbUR a615.54bی ب و aابو بکر محمد بن زکريا رمزي aکتا ب الا برا لcابو بکر محمد بن زکريا رمزي aKita-e-- Alaral/bby Abu Bakar Mohd bin Zakria razi aنیی دہلی bسنٹرل کونسل فار ريسرچ ان يونانی ويڑيسنc1984 bنیی دہلی a5، پنچ شيل شا پنگ سنٹر e110017 a95صc19cm(Hb) aادب -- اردو  aاردو سونے عمری  aLiterature -- Urdu aUrdu biography